000 00875nam a22002897a 4500
003 CHAP
005 20220329134355.0
008 971013s1973 r 00010 d
010 _a19545
011 _a20517
035 _a24605
040 _cCHAP
082 _a636.2
_bA5
110 _aAmerican Society of Agricultural Engineers
_95291
245 _aNational dairy housing conference; conference papers
260 _aSt. Joseph, Mich.,
_c1973
300 _a469 p.
_b: ilus. ; gráfs
490 _aSpecial pub. SP-01-73
590 _aBATCH-UPD
_b10
_c20130110
_lUCH01
_h1606
590 _aCONVERSION
_b10
_c20130109
_lUCH01
_h1312
650 1 4 _aEstablos.
_938184
650 1 4 _aGanado vacuno
_xAlojamiento.
_945431
830 0 _aSpecial pub. SP-01-73
_9109151
901 _aBK
942 _cLIBRO
949 _a636.2 A5
_bBC
_cLIBRO
_d33724000830220
_eLIBRO
_h50989
_i24605
_sb
999 _c19545
_d19545